000 00403nam a2200157Ia 4500
008 210210b1986 xxu||||| |||| 00| 0 eng d
082 _a589.9 BERG
100 _aBERGEY
245 _aBergy's manual of systematic bacteriology.4V. V2.
260 _aTokyo
_bWilliams & Wilkins
_c1986
300 _axxiii,956-1599
440 _a2
650 _aBergy's Bacteriology
690 _aBotany
906 _a047858
999 _c96648
_d96648